000 00547nam a2200217Ia 4500
003 OSt
005 20221007064705.0
006 a|||||r|||| 00| 0
007 ta
008 221006b |||||||| |||| 00| 0 eng d
024 _a21,977
037 _cTextual
040 _aFLL
_cFLL
_beng
041 _2eng
_aeng
100 _aSuri Priti
_9686172
245 0 _aOpen source and the law
260 _aDelhi
_bLexisNexis Butterworts India
_c2006
300 _axxiv,321p
_ccm.
942 _cTEXL
_2CC
999 _c1135036
_d1135036